000 00977nam a2200337Ia 4500
003 OSt
005 20220912145310.0
006 a|||||r|||| 00| 0
007 ta
008 220909b |||||||| |||| 00| 0 eng d
020 _a0195694171 (pbk)
024 _a79972
037 _b242, 31/12/2007, Ashutosh Technical Books
037 _cTextbook
040 _aCSL
_beng
_cCSL
041 _aeng
082 _aC4, P6 TC
100 _aBlundell Stephen J
245 0 _aConcepts in thermal physics
260 _aOxford
_bOxford University Press
_c2006
300 _axviii, 464p.
_ccm.
500 _aIndex 460-464p.
650 _a Heat
650 _a Statistical mechanics
650 _a Thermal physics
650 _a Thermodynamics
650 _aPhysics
700 _a Blundell Katherine M
942 _hC4, P6 TC
_cTB
_2CC
999 _c28195
_d28195